00702pam a2200193 i 4500020001500000040000800015082002600023100002200049245002500071260004400096300003200140500002000172650001300192856006600205856006600271942000700337999001700344952014700361 a0716710471 cDLC00a512 FRE 1979 A032 Or.A aJacobs, Harold R.10aElementary algebra / aSan Francisco :bW. H. Freeman,cc1979. ax, 876 p. :bill. ;c24 cm. aIncludes index. 0aAlgebra.42uhttp://www.loc.gov/catdir/enhancements/fy0912/78010744-d.html41uhttp://www.loc.gov/catdir/enhancements/fy0912/78010744-t.html cEK c11834d11834 0010406512_000000000000000_FRE_1979_A032_OR70960605aLBAbLBAcA032d2017-08-07o512 FRE 1979 A032 Or.pA15906r2017-08-07w2017-08-07yEK